岡山県の市町村(1968年) - Statistics

General Stats
  • This quiz has been taken 19 times
  • The average score is 52 of 94
Answer Stats
コード 市町村 備考 % Correct
33201 岡山市 2009年政令指定
100%
33202 倉敷市
100%
33208 総社市
92%
33209 高梁市
92%
33210 新見市
92%
33203 津山市
85%
33205 笠岡市
85%
33204 玉野市
77%
33423 都窪郡早島町
77%
33207 井原市
69%
33321 赤磐郡瀬戸町 2007年消滅
69%
33322 赤磐郡山陽町 2005年消滅
69%
33346 和気郡和気町
69%
33401 児島郡灘崎町 2005年消滅
69%
33206 西大寺市 1969年消滅
62%
33301 御津郡御津町 2005年消滅
62%
33303 御津郡建部町 2007年消滅
62%
33323 赤磐郡赤坂町 2005年消滅
62%
33324 赤磐郡熊山町 2005年消滅
62%
33325 赤磐郡吉井町 2005年消滅
62%
33342 和気郡日生町 2005年消滅
62%
33345 和気郡佐伯町 2006年消滅
62%
33361 邑久郡牛窓町 2004年消滅
62%
33362 邑久郡邑久町 2004年消滅
62%
33363 邑久郡長船町 2004年消滅
62%
33428 都窪郡清音村 2005年消滅
62%
33443 浅口郡鴨方町 2006年消滅
62%
33581 真庭郡勝山町 2005年消滅
62%
33584 真庭郡久世町 2005年消滅
62%
33602 苫田郡富村 2005年消滅
62%
33604 苫田郡上齋原村 2005年消滅
62%
33606 苫田郡鏡野町
62%
33661 久米郡中央町 2005年消滅
62%
33663 久米郡久米南町
62%
33664 久米郡久米町 2005年消滅
62%
33305 御津郡加茂川町 2004年消滅
54%
33344 和気郡吉永町 2005年消滅
54%
33427 都窪郡山手村 2005年消滅
54%
33441 浅口郡船穂町 2005年消滅
54%
33442 浅口郡金光町 2006年消滅
54%
33445 浅口郡里庄町
54%
33462 小田郡美星町 2005年消滅
54%
33503 吉備郡真備町 2005年消滅
54%
33521 上房郡有漢町 2004年消滅
54%
33522 上房郡北房町 2005年消滅
54%
33542 川上郡川上町 2004年消滅
54%
33562 阿哲郡神郷町 2005年消滅
54%
33563 阿哲郡哲多町 2005年消滅
54%
33564 阿哲郡哲西町 2005年消滅
54%
33582 真庭郡落合町 2005年消滅
54%
33583 真庭郡湯原町 2005年消滅
54%
33586 真庭郡新庄村
54%
33587 真庭郡川上村 2005年消滅
54%
33621 勝田郡勝田町 2005年消滅
54%
33624 勝田郡勝北町 2005年消滅
54%
33646 英田郡英田町 2005年消滅
54%
33662 久米郡旭町 2005年消滅
54%
33665 久米郡柵原町 2005年消滅
54%
33302 御津郡一宮町 1971年消滅
46%
33343 和気郡三石町 1971年消滅
46%
33422 都窪郡茶屋町 1972年消滅
46%
33444 浅口郡寄島町 2006年消滅
46%
33461 小田郡矢掛町
46%
33502 吉備郡足守町 1971年消滅
46%
33523 上房郡賀陽町 2004年消滅
46%
33541 川上郡成羽町 2004年消滅
46%
33561 阿哲郡大佐町 2005年消滅
46%
33585 真庭郡美甘村 2005年消滅
46%
33589 真庭郡中和村 2005年消滅
46%
33601 苫田郡加茂町 2005年消滅
46%
33603 苫田郡奥津町 2005年消滅
46%
33622 勝田郡勝央町
46%
33623 勝田郡奈義町
46%
33642 英田郡東粟倉村 2005年消滅
46%
33643 英田郡西粟倉村
46%
33644 英田郡美作町 2005年消滅
46%
33645 英田郡作東町 2005年消滅
46%
33304 御津郡津高町 1971年消滅
38%
33341 和気郡備前町 1971年消滅
38%
33402 児島郡興除村 1971年消滅
38%
33403 児島郡藤田村 1975年消滅
38%
33404 児島郡東児町 1974年消滅
38%
33424 都窪郡妹尾町 1971年消滅
38%
33425 都窪郡庄村 1971年消滅
38%
33481 後月郡芳井町 2005年消滅
38%
33501 吉備郡高松町 1971年消滅
38%
33504 吉備郡昭和町 1972年消滅
38%
33543 川上郡備中町 2004年消滅
38%
33588 真庭郡八束村 2005年消滅
38%
33605 苫田郡阿波村 2005年消滅
38%
33641 英田郡大原町 2005年消滅
38%
33381 上道郡上道町 1971年消滅
23%
33421 都窪郡吉備町 1971年消滅
23%
33426 都窪郡福田村 1971年消滅
23%
No matching quizzes found
Score Distribution
Percent of People with Each Score
Percentile by Number Answered
Your Score History
You have not taken this quiz